000 00420cam a22001217a 4500
008 180718b1996 xxu||||| |||| 00| 0 eng d
082 _aA81x54 91/8/Pt2A&2B
100 _aCensus of India 1991
245 _aHaryana: general population tables and primary census abstract
260 _aDelhi
_bThe Controller of Publications
_c1996
300 _a803+p.
440 _aCensus of India 1991. Series-8, Haryana. Part II A and II B
999 _c482233
_d482233